Educación cívica : (Record no. 17219)

MARC details
000 -CABECERA
campo de control de longitud fija 00760nam a2200253 a 4500
003 - IDENTIFICADOR DEL NÚMERO DE CONTROL
campo de control MX-MxUPN
005 - FECHA Y HORA DE LA ÚLTIMA TRANSACCIÓN
campo de control 20250114151527.0
008 - ELEMENTOS DE LONGITUD FIJA--INFORMACIÓN GENERAL
campo de control de longitud fija 991125s1925 mx br 000 0 spa d
035 ## - NÚMERO DE CONTROL DEL SISTEMA
Número de control de sistema UPN01000017219
040 ## - FUENTE DE LA CATALOGACIÓN
Centro catalogador/agencia de origen MX-MxUPN
Lengua de catalogación spa
Centro/agencia transcriptor MX-MxUPN
041 ## - CÓDIGO DE IDIOMA
Código de lengua del texto/banda sonora o título independiente spa
050 14 - SIGNATURA TOPOGRÁFICA DE LA BIBLIOTECA DEL CONGRESO
Número de clasificación LB1584 M6
Número de documento/Ítem E84 1925
100 1# - ASIENTO PRINCIPAL--NOMBRE PERSONAL
Nombre de persona Escudero Hidalgo, Francisco
9 (RLIN) 52344
245 10 - MENCIÓN DE TÍTULO
Título Educación cívica :
Resto del título para uso de las escuelas primarias
250 ## - MENCIÓN DE EDICIÓN
Mención de edición Segunda edición
260 ## - PUBLICACIÓN, DISTRIBUCIÓN, ETC.
Lugar de publicación, distribución, etc. México :
Nombre del editor, distribuidor, etc. Herrero Hermanos Sucesores,
Fecha de publicación, distribución, etc. 1925.
300 ## - DESCRIPCIÓN FÍSICA
Extensión 126 páginas
650 #4 - ASIENTO SECUNDARIO DE MATERIA - TERMINO TEMATICO
Término de materia o nombre geográfico como elemento de entrada Civismo
Subdivisión general Estudio y enseñanza (Elemental)
9 (RLIN) 2807
650 #4 - ASIENTO SECUNDARIO DE MATERIA - TERMINO TEMATICO
Término de materia o nombre geográfico como elemento de entrada Civismo
9 (RLIN) 44490
Subdivisión de forma Libros de texto
902 ## - ELEMENTOS DE DATOS B LOCAL, LDB (RLIN)
Modificó MaríaRobles/180624
904 ## - ELEMENTOS DE DATOS D LOCAL, LDD (RLIN)
a AC
b 017220
905 ## - TIPO DE MATERIAL
Tipo de material Libro
942 ## - ELEMENTOS DE PUNTO DE ACCESO ADICIONAL (KOHA)
Fuente del sistema de clasificación o colocación Library of Congress Classification
Tipo de ítem Koha Libro
Suprimir en OPAC No
Holdings
Estado de retiro Estado de pérdida Fuente del sistema de clasificación o colocación Estado dañado No para préstamo Código de colección Localización permanente Ubicación/localización actual Ubicación en estantería Fecha de adquisición Clasificación Código de barras Fecha visto por última vez Tipo de ítem Koha Nota pública
    Library of Congress Classification   Disponible (Préstamo en sala) Libros de texto Bib. Gregorio Torres Quintero Bib. Gregorio Torres Quintero Colecciones especiales Planta alta 18/11/2022 LB1584 M6 E84 1925 92072 31/12/2020 Libro Ejemplar con sello del Sistema de Bibliotecas para la Formación y Actualización de Docentes